00866nam a2200229 i 4500001000700000003000900007005001700016007000300033008004100036080001500077100003300092245009500125260004300220300002100263490003000284500004800314530003500362700002600397830003000423852006900453856011400522124732ES-MaACL20250429133105.0t|070418s1919 sp |||| | spa d a860-25"18"1 aZorrilla, José,d1817-189310aSancho García b: composición trágica en tres actos / coriginal de José Zorrilla. a[Madrid : bLa Novela Teatral, c1919] a24 h. ; c20 cm.1 aLa novela teatral ; v131 aEn cub.: caricatura de Ana Siria por Tovar. aDisponible en formato digital.0 aTovar c, ilustrador.0 aLa novela teatral ; v131 aES-MaACLj2215-F-12cDEPOFzRevisado enlace: 29 de Abril de 2025 uhttp://bibliotecadigital.jcyl.es/i18n/consulta/registro.cmd?id=23909yBiblioteca Digital de Castilla y León